Majú kraje rovnaké problémy ako mestá?

Výňatok z komplexnej analýzy porovnávania hospodárenia Košického a Bratislavského kraja. Zadlženosť krajov, vývoj skutočne dosiahnutých výdavkov, vývoj príjmov bez prijatých úvarov, vývoj dlhovej služby.

Salvato in:
Dettagli Bibliografici
Natura: Capitolo di libro
Lingua:slovacco
Soggetti:
Tags: Aggiungi Tag
Nessun Tag, puoi essere il primo ad aggiungerne!!

MARC

LEADER 00000naa a2200000 4500
001 r044520
005 20230925125552.5
041 0 |a slo 
044 |a SK 
245 1 0 |a Majú kraje rovnaké problémy ako mestá? 
520 |a Výňatok z komplexnej analýzy porovnávania hospodárenia Košického a Bratislavského kraja. Zadlženosť krajov, vývoj skutočne dosiahnutých výdavkov, vývoj príjmov bez prijatých úvarov, vývoj dlhovej služby. 
610 2 0 |a kraje 
610 2 0 |a mestá 
610 2 0 |a porovnanie štatistické 
610 2 0 |a zadlženosť 
610 2 0 |a výdavky 
610 2 0 |a príjmy 
610 2 0 |a úver 
610 2 0 |a Slovensko